[Event "Mediterranean-ch 13th"]
[Site "Platja d'Aro"]
[Date "2023.11.06"]
[Round "4"]
[White "Vinolas Anglada, Laura"]
[Black "Banos, Oscar Francisco"]
[Result "0-1"]
[WhiteElo "1855"]
[BlackElo "2188"]
[PlyCount "118"]
[EventDate "2023.11.04"]
[EventType "swiss"]
[EventRounds "9"]
[EventCountry "ESP"]
[SourceTitle "CB46_2023"]
[SourceDate "2023.11.15"]
[SourceVersion "1"]
[SourceVersionDate "2023.11.15"]
[SourceQuality "1"]

1. e4 c5 2. Nf3 Nc6 3. d4 cxd4 4. Nxd4 Nf6 5. Nc3 e5 6. Ndb5 d6 7. Bg5 a6 8. Na3 b5 9. Nd5 Be7 10. Bxf6 Bxf6 11. c3 Ne7 12. Nxe7 Bxe7 13. Nc2 Bb7 14. Qg4 0-0 15. Ne3 g6 16. Rd1 b4 17. cxb4 h5 18. Qf3 d5 19. Nxd5 Bxd5 20. a3 Bxe4 21. Rxd8 Bxf3 22. Rxf8+ Kxf8 23. gxf3 Bg5 24. b3 Rc8 25. Bc4 Bc1 26. a4 Ba3 27. Kf1 Bxb4 28. Bxa6 Rc3 29. Bc4 Rxf3 30. Kg2 e4 31. Rd1 f5 32. Ra1 Ba5 33. Rb1 Rc3 34. Rd1 Rc2 35. Kf1 Ke7 36. Rd5 Bb6 37. Be2 Ke6 38. Rb5 Bc7 39. h3 f4 40. Bd1 Rc1 41. Ke1 f3 42. a5 e3 43. fxe3 f2+ 44. Kxf2 Rxd1 45. b4 Ra1 46. Rb7 Bd6 47. Rb6 g5 48. a6 g4 49. hxg4 hxg4 50. b5 g3+ 51. Kg2 Ra2+ 52. Kg1 Kd5 53. Rb7 Bc5 54. Rg7 Bxe3+ 55. Kf1 Bf4 56. a7 Ke4 57. Rg8 Rxa7 58. Rc8 Kf3 59. Rc3+ Be3 0-1

[Event "Catalunya-chT Gp1 Final"]
[Site "Barcelona"]
[Date "2023.03.18"]
[Round "1.5"]
[White "Banos, Oscar Francisco"]
[Black "Delorme, Axel"]
[Result "0-1"]
[WhiteElo "2189"]
[BlackElo "2483"]
[PlyCount "74"]
[EventDate "2023.03.18"]
[EventType "team-k.o."]
[EventRounds "3"]
[EventCountry "ESP"]
[SourceTitle "EXT 2024"]
[Source "ChessBase"]
[SourceDate "2023.10.10"]
[SourceVersion "1"]
[SourceVersionDate "2023.10.10"]
[SourceQuality "1"]
[WhiteTeam "Figueres"]
[BlackTeam "Barbera"]
[WhiteTeamCountry "ESP"]
[BlackTeamCountry "ESP"]

1. Nf3 d5 2. e3 Nf6 3. c4 e6 4. b3 Be7 5. Bb2 0-0 6. g3 c5 7. Bg2 Nc6 8. 0-0 b6 9. Nc3 Ba6 10. Qe2 Rc8 11. Nb5 Qd7 12. Rfd1 Rfd8 13. Rac1 Qe8 14. d4 cxd4 15. Nfxd4 Nxd4 16. exd4 Bxb5 17. cxb5 Rxc1 18. Rxc1 Rc8 19. Qd3 Rxc1+ 20. Bxc1 Bd6 21. Bf3 h6 22. Kg2 Qc8 23. Bd2 Ba3 24. h4 Ne8 25. Bd1 Bc1 26. Bb4 g6 27. h5 gxh5 28. Bxh5 Qc7 29. Bd1 Nf6 30. Bc2 Kg7 31. f3 Bb2 32. Bb1 Bc1 33. a4 h5 34. Bc2 h4 35. Be1 hxg3 36. Bxg3 Bf4 37. Bh4 Qc8 0-1

[Event "Catalunya-chT Gp2"]
[Site "Barcelona"]
[Date "2022.03.19"]
[Round "9.6"]
[White "Banos, Oscar Francisco"]
[Black "Bofill Mas, Alejandro"]
[Result "1/2-1/2"]
[WhiteElo "2173"]
[BlackElo "2310"]
[PlyCount "50"]
[EventDate "2022.01.22"]
[EventType "team-tourn"]
[EventRounds "9"]
[EventCountry "ESP"]
[SourceTitle "CBM 208 Extra"]
[Source "ChessBase"]
[SourceDate "2022.07.31"]
[SourceVersion "1"]
[SourceVersionDate "2022.07.31"]
[SourceQuality "1"]
[WhiteTeam "Figueres"]
[BlackTeam "Colon Sabadell"]
[WhiteTeamCountry "ESP"]
[BlackTeamCountry "ESP"]

1. c4 c5 2. Nf3 g6 3. d4 cxd4 4. Nxd4 Nc6 5. e4 Nf6 6. Nc3 d6 7. f3 Nxd4 8. Qxd4 Bg7 9. Be3 0-0 10. Qd2 Be6 11. Rc1 Qa5 12. b3 Rfc8 13. Be2 a6 14. Nd5 Qxd2+ 15. Kxd2 Nxd5 16. cxd5 Bd7 17. Rxc8+ Rxc8 18. Rc1 Rxc1 19. Kxc1 Kf8 20. Bd3 e6 21. dxe6 fxe6 22. Kd2 Ke7 23. Bg5+ Bf6 24. Be3 Bg7 25. Bg5+ Bf6 1/2-1/2

[Event "Catalunya-chT Gp2"]
[Site "Barcelona"]
[Date "2020.01.18"]
[Round "1.4"]
[White "Banos, Oscar Francisco"]
[Black "Valenzuela Gomez, Fernando Alberto"]
[Result "0-1"]
[WhiteElo "2227"]
[BlackElo "2335"]
[PlyCount "48"]
[EventDate "2020.01.18"]
[EventType "team-tourn"]
[EventRounds "7"]
[EventCountry "ESP"]
[SourceTitle "CBM 194 Extra"]
[Source "ChessBase"]
[SourceDate "2020.03.31"]
[SourceVersion "1"]
[SourceVersionDate "2020.03.31"]
[SourceQuality "1"]
[WhiteTeam "Figueres"]
[BlackTeam "Valls"]
[WhiteTeamCountry "ESP"]
[BlackTeamCountry "ESP"]

1. d4 Nf6 2. c4 c5 3. d5 b5 4. cxb5 a6 5. f3 axb5 6. e4 Qa5+ 7. Bd2 b4 8. Na3 d6 9. Nc4 Qc7 10. a3 bxa3 11. Rxa3 Rxa3 12. bxa3 g6 13. Qa4+ Nbd7 14. Bd3 Bg7 15. Ne2 0-0 16. 0-0 e6 17. Ba5 Qa7 18. Nc3 Ba6 19. Rb1 exd5 20. Nxd5 Nxd5 21. exd5 Bxc4 22. Bxc4 Bc3 23. Bb5 c4+ 24. Kf1 Nc5 0-1

[Event "Girona-ch"]
[Site "Sant Gregori"]
[Date "2019.11.17"]
[Round "5"]
[White "Banos, Oscar Francisco"]
[Black "Saurina Suner, Francesc Xavier"]
[Result "1-0"]
[WhiteElo "2179"]
[BlackElo "1950"]
[PlyCount "69"]
[EventDate "2019.10.13"]
[EventType "swiss"]
[EventRounds "9"]
[EventCountry "ESP"]
[SourceTitle "CBM 194 Extra"]
[Source "ChessBase"]
[SourceDate "2020.03.31"]
[SourceVersion "1"]
[SourceVersionDate "2020.03.31"]
[SourceQuality "1"]

1. c4 Nf6 2. Nf3 e6 3. e3 Be7 4. d4 b6 5. Bd3 Bb7 6. Nbd2 c5 7. 0-0 cxd4 8. exd4 d6 9. Re1 Nbd7 10. Nf1 h6 11. Bd2 g5 12. Ng3 Qc7 13. d5 e5 14. Nf5 Ng8 15. b4 Bf6 16. N3d4 a6 17. Rc1 Kf8 18. Nc6 Re8 19. Be4 h5 20. Be3 Nh6 21. Nxh6 Rxh6 22. h4 Rh8 23. hxg5 Bg7 24. Qf3 Kg8 25. g6 f6 26. Bf5 Nf8 27. c5 bxc5 28. bxc5 dxc5 29. Bxc5 Bh6 30. Rb1 Kg7 31. d6 Bxc6 32. dxc7 Bxf3 33. gxf3 Nxg6 34. c8Q Rxc8 35. Rb7+ 1-0

[Event "Girona-ch"]
[Site "Sant Gregori"]
[Date "2019.10.20"]
[Round "2"]
[White "Otones Lopez, Antonio"]
[Black "Banos, Oscar Francisco"]
[Result "1/2-1/2"]
[WhiteElo "1804"]
[BlackElo "2179"]
[PlyCount "131"]
[EventDate "2019.10.13"]
[EventType "swiss"]
[EventRounds "9"]
[EventCountry "ESP"]
[SourceTitle "CBM 194 Extra"]
[Source "ChessBase"]
[SourceDate "2020.03.31"]
[SourceVersion "1"]
[SourceVersionDate "2020.03.31"]
[SourceQuality "1"]

1. Nc3 c5 2. Nf3 Nc6 3. d4 cxd4 4. Nxd4 Nf6 5. e4 e5 6. Nxc6 bxc6 7. Bc4 Be7 8. 0-0 0-0 9. Be3 d6 10. f3 Be6 11. Bxe6 fxe6 12. Qe2 d5 13. Bf2 Qc7 14. Rfe1 Rab8 15. Na4 Nd7 16. b3 Rfe8 17. Qa6 Rb5 18. Nc3 Rb7 19. Na4 d4 20. Qc4 Bf8 21. Red1 Nb6 22. Nxb6 axb6 23. Bg3 b5 24. Qe2 c5 25. a4 c4 26. axb5 cxb3 27. cxb3 Qb6 28. Kf1 Qxb5 29. Qxb5 Rxb5 30. Rd3 Rc8 31. Be1 Rcb8 32. Rb1 Kf7 33. Ke2 Be7 34. Bd2 Ra8 35. b4 Ke8 36. Rdb3 Kd7 37. Kd3 Ra2 38. R1b2 Ra1 39. Rb1 Ra2 40. R1b2 Ra8 41. Kc4 Kc6 42. Kd3 Rb7 43. Kc4 Kb6 44. b5 Rc7+ 45. Kd3 Ra1 46. g3 Rca7 47. f4 exf4 48. gxf4 Bc5 49. f5 exf5 50. exf5 Rf1 51. Bb4 Bxb4 52. Rxb4 Rxf5 53. Kxd4 Rf4+ 54. Kd5 Raf7 55. Rxf4 Rxf4 56. Ke5 g5 57. Kd5 h5 58. Ke5 Rf3 59. Ke4 g4 60. Rb1 Rf2 61. h3 g3 62. h4 g2 63. Rg1 Kxb5 64. Ke3 Rc2 65. Kf3 Rc4 66. Kxg2 1/2-1/2

[Event "Catalunya-chT Gp1"]
[Site "Barcelona"]
[Date "2019.02.23"]
[Round "6.8"]
[White "Banos, Oscar Francisco"]
[Black "Codina Garcia, Jose"]
[Result "1-0"]
[WhiteElo "2184"]
[BlackElo "2081"]
[PlyCount "59"]
[EventDate "2019.01.19"]
[EventType "team-tourn"]
[EventRounds "7"]
[EventCountry "ESP"]
[SourceTitle "CBM 189 Extra"]
[Source "ChessBase"]
[SourceDate "2019.06.03"]
[SourceVersion "1"]
[SourceVersionDate "2019.06.03"]
[SourceQuality "1"]
[WhiteTeam "Figueres"]
[BlackTeam "Lleida"]
[WhiteTeamCountry "ESP"]
[BlackTeamCountry "ESP"]

1. Nf3 Nf6 2. c4 g6 3. Nc3 Bg7 4. e4 d6 5. d4 0-0 6. Be2 e5 7. 0-0 Nc6 8. d5 Ne7 9. a4 Nd7 10. a5 h6 11. g3 f5 12. exf5 gxf5 13. Nh4 Nf6 14. f4 e4 15. Be3 Kh7 16. Bd4 c5 17. dxc6 bxc6 18. Qd2 Be6 19. Rfd1 d5 20. Ng2 dxc4 21. Ne3 Nfd5 22. Bxg7 Kxg7 23. Qd4+ Kh7 24. Qc5 Qe8 25. Nxc4 Nxc3 26. bxc3 Nd5 27. Ne5 Bd7 28. Nxd7 Qxd7 29. c4 Qe7 30. Rxd5 1-0

[Event "Barcelona Canovelles U2200 op"]
[Site "Barcelona"]
[Date "2018.12.30"]
[Round "8.2"]
[White "Banos, Oscar Francisco"]
[Black "Nadal Fajardo, Ricard"]
[Result "1/2-1/2"]
[WhiteElo "2184"]
[BlackElo "1951"]
[PlyCount "80"]
[EventDate "2018.12.27"]
[EventType "swiss"]
[EventRounds "8"]
[EventCountry "ESP"]
[SourceTitle "EXT 2024"]
[Source "ChessBase"]
[SourceDate "2023.10.10"]
[SourceVersion "1"]
[SourceVersionDate "2023.10.10"]
[SourceQuality "1"]

1. Nf3 Nf6 2. c4 c6 3. g3 g6 4. b3 Bg7 5. Bb2 d5 6. Qc2 0-0 7. Bg2 Bg4 8. h3 Bxf3 9. Bxf3 e6 10. 0-0 Nbd7 11. d3 Re8 12. Nd2 h6 13. Bg2 Nh5 14. d4 Rc8 15. e4 dxe4 16. Nxe4 Ndf6 17. Nc5 Qc7 18. Rad1 Nd7 19. Nd3 e5 20. g4 Nf4 21. Nxf4 exf4 22. Rfe1 Nf6 23. Qd2 h5 24. Rxe8+ Rxe8 25. Re1 Rxe1+ 26. Qxe1 Qd7 27. d5 cxd5 28. Bxf6 Bxf6 29. Bxd5 b6 30. Qe4 Kg7 31. Kf1 Qe7 32. Ke2 Qxe4+ 33. Bxe4 Bd4 34. f3 Bc5 35. Kd3 Kf6 36. Bd5 Ke5 37. Bxf7 a5 38. Kc3 Bd4+ 39. Kd2 Bc5 40. Kc2 Kd4 1/2-1/2

[Event "Montcada op-A 25th"]
[Site "Montcada"]
[Date "2017.06.28"]
[Round "3"]
[White "Salinas Herrera, Pablo Patricio"]
[Black "Banos, Oscar Francisco"]
[Result "1-0"]
[WhiteElo "2438"]
[BlackElo "2191"]
[PlyCount "91"]
[EventDate "2017.06.26"]
[EventType "swiss"]
[EventRounds "9"]
[EventCountry "ESP"]
[SourceTitle "CBM 179 Extra"]
[Source "ChessBase"]
[SourceDate "2017.08.23"]
[SourceVersion "1"]
[SourceVersionDate "2017.08.23"]
[SourceQuality "1"]

1. d4 e6 2. Nf3 Nf6 3. c4 Bb4+ 4. Nc3 Ne4 5. Qc2 d5 6. e3 0-0 7. a3 Bxc3+ 8. bxc3 c5 9. Bd3 Nf6 10. 0-0 Nbd7 11. Bb2 b6 12. cxd5 exd5 13. c4 dxc4 14. Bxc4 Bb7 15. Qf5 Rc8 16. d5 Qe7 17. Nd2 Rfe8 18. Rfe1 Ne5 19. e4 Nxc4 20. Bxf6 Qxf6 21. Qxf6 gxf6 22. Nxc4 Rcd8 23. g4 Ba6 24. Nd2 Bd3 25. Rac1 c4 26. Re3 b5 27. Kg2 Rd6 28. Kf3 Ra6 29. Rc3 Ra4 30. Kf4 a5 31. f3 b4 32. axb4 axb4 33. Rc1 b3 34. Nxb3 cxb3 35. Rxd3 b2 36. Rb1 Rb4 37. Rd2 Reb8 38. h4 Kf8 39. g5 Ke7 40. Kf5 fxg5 41. hxg5 Kd6 42. Rh2 Kc5 43. Rxh7 Kd4 44. Rd1+ Kc3 45. d6 Kc2 46. Rf1 1-0

[Event "Barcelona Canovelles op 11th"]
[Site "Barcelona"]
[Date "2017.05.07"]
[Round "8.4"]
[White "Banos, Oscar Francisco"]
[Black "Cruz Estrada, Filemon"]
[Result "0-1"]
[WhiteElo "2182"]
[BlackElo "2413"]
[PlyCount "68"]
[EventDate "2017.05.07"]
[EventType "swiss (rapid)"]
[EventRounds "9"]
[EventCountry "ESP"]
[SourceTitle "EXT 2024"]
[Source "ChessBase"]
[SourceDate "2023.10.10"]
[SourceVersion "1"]
[SourceVersionDate "2023.10.10"]
[SourceQuality "1"]

1. c4 c5 2. Nf3 Nc6 3. d4 cxd4 4. Nxd4 Nf6 5. Nc3 e5 6. Ndb5 d6 7. Bg5 a6 8. Na3 Be7 9. e3 0-0 10. Be2 h6 11. Bxf6 Bxf6 12. 0-0 Be6 13. Bg4 e4 14. Bxe6 fxe6 15. Nc2 Bxc3 16. bxc3 Qf6 17. Qxd6 Rad8 18. Qg3 Qxc3 19. Rac1 Qxc4 20. Qh3 Rd2 21. Nd4 Rdxf2 22. Qxe6+ Qxe6 23. Nxe6 Rxf1+ 24. Rxf1 Re8 25. Nc5 b5 26. Nxa6 Ra8 27. Nc7 Ra5 28. Rc1 Ne5 29. Rc5 Nc4 30. Nxb5 Nxe3 31. Rc8+ Kh7 32. Nc3 Ra3 33. h3 h5 34. Kf2 Rxc3 0-1

[Event "Catalunya-chT Gp1"]
[Site "Barcelona"]
[Date "2017.02.25"]
[Round "6.4"]
[White "Martinez Romero, Martin"]
[Black "Banos, Oscar Francisco"]
[Result "1-0"]
[WhiteElo "2415"]
[BlackElo "2188"]
[PlyCount "98"]
[EventDate "2017.01.21"]
[EventType "team-tourn"]
[EventRounds "7"]
[EventCountry "ESP"]
[SourceTitle "EXT 2018"]
[Source "ChessBase"]
[SourceDate "2017.10.13"]
[SourceVersion "1"]
[SourceVersionDate "2017.10.13"]
[SourceQuality "1"]
[WhiteTeam "Mollet"]
[BlackTeam "Figueres"]
[WhiteTeamCountry "ESP"]
[BlackTeamCountry "ESP"]

1. e4 e6 2. d4 d5 3. Nc3 Nf6 4. e5 Nfd7 5. f4 c5 6. Nf3 Nc6 7. Be3 a6 8. Qd2 cxd4 9. Nxd4 Bc5 10. 0-0-0 0-0 11. Qf2 Bxd4 12. Bxd4 b5 13. Bd3 b4 14. Ne2 a5 15. Kb1 Ba6 16. Rhe1 Qc7 17. f5 Bxd3 18. Rxd3 Ndxe5 19. Rg3 exf5 20. Qxf5 Ng6 21. Qxd5 Rfe8 22. Re3 Rad8 23. Qc5 Qd7 24. Nc1 Rxe3 25. Bxe3 a4 26. Re2 Rc8 27. Rd2 Qe6 28. Rd6 Qe4 29. Qd5 Qxe3 30. Rxc6 Rxc6 31. Qxc6 a3 32. Qa8+ Nf8 33. Qf3 Qb6 34. Qb3 axb2 35. Nd3 Qg1+ 36. Kxb2 Qd4+ 37. Kb1 Qg1+ 38. Kb2 Qd4+ 39. Kb1 Qg1+ 40. Nc1 Qc5 41. Qf3 Ne6 42. Qa8+ Nf8 43. g4 f6 44. Qg2 Ne6 45. Nd3 Qd4 46. Qa8+ Kf7 47. Qb7+ Kg6 48. Qxb4 Qg1+ 49. Kb2 Nd4 1-0